Governer in the indian constitution : (Record no. 126760)
[ view plain ]
| 000 -LEADER | |
|---|---|
| fixed length control field | 00766nam a22002297a 4500 |
| 005 - DATE AND TIME OF LATEST TRANSACTION | |
| control field | 20170124110014.0 |
| 010 ## - LIBRARY OF CONGRESS CONTROL NUMBER | |
| LC control number | B-060099 |
| 020 ## - INTERNATIONAL STANDARD BOOK NUMBER | |
| Terms of availability | 00.00 |
| International Standard Book Number | 812022600 |
| 035 ## - SYSTEM CONTROL NUMBER | |
| System control number | B-060099 |
| 037 ## - SOURCE OF ACQUISITION | |
| Source of stock number/acquisition | Cen Lib/Ret |
| 040 ## - CATALOGING SOURCE | |
| Original cataloging agency | DPL |
| Language of cataloging | EN |
| 082 ## - DEWEY DECIMAL CLASSIFICATION NUMBER | |
| Classification number | 342.54 |
| Item number | GAN |
| 100 ## - MAIN ENTRY--PERSONAL NAME | |
| Personal name | Gani, H. A. |
| 9 (RLIN) | 18406 |
| 245 ## - TITLE STATEMENT | |
| Title | Governer in the indian constitution : |
| Statement of responsibility, etc | by H. A. Gani |
| Remainder of title | certain controversies and srakaria commision / |
| 260 ## - PUBLICATION, DISTRIBUTION, ETC. (IMPRINT) | |
| Name of publisher, distributor, etc | New Delhi |
| Place of publication, distribution, etc | Ajanta Publications |
| Date of publication, distribution, etc | 1990 |
| 270 ## - ADDRESS | |
| Address | Jawahar Nagar |
| City | New Delhi |
| Postal code | 110007 |
| 300 ## - PHYSICAL DESCRIPTION | |
| Extent | xiii, 111p. |
| Dimensions | 21cm(Hb) |
| 500 ## - GENERAL NOTE | |
| General note | Includes bibliographical references and index |
| 650 ## - SUBJECT ADDED ENTRY--TOPICAL TERM | |
| Topical term or geographic name as entry element | Indian constitution |
| 9 (RLIN) | 5209 |
| 650 ## - SUBJECT ADDED ENTRY--TOPICAL TERM | |
| Topical term or geographic name as entry element | Administrative reforms |
| General subdivision | Governer |
| 9 (RLIN) | 18407 |
| 942 ## - ADDED ENTRY ELEMENTS (KOHA) | |
| Source of classification or shelving scheme | Dewey Decimal Classification |
| Koha item type | English Books |
| Classification part | 342.54 |
| Call number suffix | GAN |
| Withdrawn status | Lost status | Damaged status | Not for loan | Home library | Current library | Date acquired | Source of acquisition | Cost, normal purchase price | Total Checkouts | Full call number | Barcode | Date last seen | Copy number | Cost, replacement price | Price effective from | Koha item type |
|---|---|---|---|---|---|---|---|---|---|---|---|---|---|---|---|---|
| Central Library | Central Library | 26/06/2015 | Cen Lib/Ret | 0.00 | 342.54 GAN | B-060099 | 26/06/2015 | 1 | 0.00 | 26/06/2015 | English Books |
